|
|
|
|
| LEADER |
00000nam a2200000 i 4500 |
| 001 |
DIGUAZUAY0319 |
| 003 |
NyNyDIG |
| 007 |
cr ||||||||||| |
| 008 |
260121s2025 ec a o 000 0 spa d |
| 006 |
m o d |
| 035 |
|
|
|a (OCoLC)1536989000
|
| 040 |
|
|
|a DGITA
|b eng
|e rda
|e pn
|c DGITA
|
| 020 |
|
|
|a 9789942577214
|q eBook
|
| 020 |
|
|
|z 9789942577207
|
| 043 |
|
|
|a s-ec---
|
| 050 |
1 |
4 |
|a ND387 ebook
|
| 100 |
1 |
|
|a Proaño Tripaldi, Anna,
|e author.
|
| 245 |
1 |
4 |
|a Una ventana a la pintura :
|b (Club de Pintura de la Universidad del Azuay) /
|c del texto, Anna Tripaldi y José Sanmartín.
|
| 264 |
|
1 |
|a Cuenca, Ecuador :
|b Universidad del Azuay, Casa Editora,
|c [2025]
|
| 300 |
|
|
|a 1 online resource :
|b color illustrations.
|
| 336 |
|
|
|a text
|b txt
|2 rdacontent
|
| 337 |
|
|
|a computer
|b c
|2 rdamedia
|
| 338 |
|
|
|a online resource
|b cr
|2 rdacarrier
|
| 347 |
|
|
|a text file
|2 rdaft
|
| 347 |
|
|
|b PDF
|
| 588 |
0 |
|
|a Online resource; title from PDF title page (Digitalia, viewed January 21, 2026)
|
| 650 |
|
0 |
|a Painting, Ecuadorian.
|
| 650 |
|
0 |
|a Art
|z Ecuador
|x Societies, etc.
|
| 700 |
1 |
|
|a Sanmartín, José,
|e author.
|
| 791 |
2 |
|
|a Digitalia (Firm),
|e distributor.
|
| 793 |
0 |
|
|g Digitalia eBook Collection:
|a Universidad del Azuay
|
| 776 |
0 |
8 |
|i Print version:
|a Proaño Tripaldi, Anna.
|t Ventana a la pintura.
|d Cuenca, Ecuador : Universidad del Azuay, Casa Editora, [2025]
|z 9789942577207
|
| 856 |
4 |
0 |
|3 Digitalia Hispánica
|u https://www.digitaliapublishing.com/a/180883/
|
| 910 |
|
|
|a Premium collection: 2026
|